| 000 | 00842nam a2200229 i 4500 | ||
|---|---|---|---|
| 001 | 105523 | ||
| 003 | ES-MaACL | ||
| 005 | 20230906183919.0 | ||
| 007 | t| | ||
| 008 | 060721s1966 fr |||| | fre d | ||
| 080 | _a33 | ||
| 100 | 1 |
_aPreobrazhenskii, E. A. _993767 |
|
| 245 | 1 | 3 |
_aLa nouvelle économique (novaia ekonomika) / _cEugène Préobrajensky ; traduit du russe par Bernard Joly ; préface de Pierre Naville ; introduction de Ernest Mandel. |
| 260 |
_aParis : _bEtudes et Documentation Internationales, _c[1966] |
||
| 300 |
_a401 p. ; _c21 cm. |
||
| 650 | 1 | 4 |
_aEconomía marxista. _912033 |
| 651 | 4 |
_aURSS- _xSituación económica- _vHistoria. _9167716 |
|
| 700 | 1 |
_aJoly, Bernard. _966808 |
|
| 700 | 1 |
_aNaville, Pierre. _985234 |
|
| 700 | 1 |
_aMandel, Ernest. _975941 |
|
| 852 |
_aES-MaACL _jAND-334 _z. - Biblioteca Juan Andrade |
||
| 999 |
_c105523 _d105523 |
||